Morse theory and its applications to homotopy theory /
Guardado en:
| Autor Principal: | |
|---|---|
| Otros Autores: | |
| Formato: | Libro |
| Idioma: | English |
| Publicado: |
[Bonn] :
Mathematischen Institut der Universität Bonn,
1960.
|
| Etiquetas: |
Agregar Etiqueta
Sin Etiquetas, Sea el primero en etiquetar este registro!
|
| LEADER | 00550nam a22001455a 4500 | ||
|---|---|---|---|
| 001 | MAT.inmabb000922 | ||
| 008 | 031119s1960####gw############001#0#eng#d | ||
| 005 | 20170807172417.0 | ||
| 245 | 1 | 0 | |a Morse theory and its applications to homotopy theory / |c Lectures by R. Bott, Bonn, Sommersemester 1958 ; notes by A. van de Ven. |
| 260 | |a [Bonn] : |b Mathematischen Institut der Universität Bonn, |c 1960. | ||
| 300 | |a 39 p. ; |c 29 cm. | ||
| 100 | 1 | |a Bott, Raoul, |d 1923- | |
| 700 | 1 | |a Ven, A. van de. | |
| 084 | |a 57-XX |a 55-XX |2 msc2000 | ||
| 859 | |h 57 |i B751m |p A-762 |b BIB. MATEMATICA | ||
